000 00875nam a2200205 4500
003 OSt
005 20240621114508.0
008 240621b |||||||| |||| 00| 0 eng d
020 _a139780801894565
020 _a100801894565
040 _aDDC
_cMUST
082 _222
_a530 MCC
100 _aMcCall. Richard P.
_917569
245 _aPhysics of the human body/
_cRichard P. McCall
260 _aBaltimore
_bJohn Hopkins University Press
_cc2010
300 _aix,301p.; ix
_bill:
_c23cm
504 _aincludes indexes
650 _aPhysics
_9809
942 _2ddc
_cO_SHELF
999 _c8690
_d8690